| 000 | 00531cam a2200205ua 4500 | ||
|---|---|---|---|
| 001 | 1248 | ||
| 008 | 110622n ii |||gr||||Z||||||eng | ||
| 020 | _a81-224-1278-5 | ||
| 040 | _cMAIN | ||
| 082 | _a338 | ||
| 245 | 1 | 0 |
_aIndustrial economics : _ban introductory textbook / _cby R.R. Barthwal |
| 250 | _a 2nd ed. | ||
| 260 |
_aNew Delhi: _bNew Age, _c2005. |
||
| 300 |
_axi, 544p.: _bill; _c23cm. |
||
| 653 | _aEconomics | ||
| 653 | _aProduction | ||
| 653 | _aIndustrial economics | ||
| 700 | _aBarthwal, R.R., | ||
| 942 | _cBK | ||
| 999 |
_c1152 _d1152 |
||